00355nam a22001457a 4500003000400000020001800004082001200022100001800034245005000052260004700102300000800149650002300157942001200180999001700192SGT a9781461361411 a624,JAW aJAWAD MAAN H. aTHEORY AND DESIGN OF PLATE & SHELL STRUCTURES aSPRINGEbSCIENCE BUSINESS MEDIA B.V.c1994 a423 aCIVIL ENGINEERING  2ddccBK c25829d25829